[Event "European Youth Chess Championship B18"]
[Site "Prague, Top Hotel Prague"]
[Date "2012.08.24"]
[Round "8.8"]
[White "Meribanov, Vitaly"]
[Black "Dragun, Kamil"]
[Result "1-0"]
[WhiteElo "2381"]
[BlackElo "2465"]
[PlyCount "0"]
[EventDate "2012.08.17"]

1. e4 {[%clk 1:30:59]} c5 {[%clk 1:30:53]} 2. Nf3 {[%clk 1:31:25]} d6
{[%clk 1:31:19]} 3. d4 {[%clk 1:31:51]} cxd4 {[%clk 1:31:45]} 4. Nxd4
{[%clk 1:32:18]} Nf6 {[%clk 1:32:10]} 5. Nc3 {[%clk 1:32:44]} a6 {[%clk 1:32:35]}
6. Bg5 {[%clk 1:32:59]} Nbd7 {[%clk 1:32:56]} 7. Bc4 {[%clk 1:32:28]} Qb6
{[%clk 1:32:58]} 8. Bb3 {[%clk 1:32:15]} e6 {[%clk 1:33:10]} 9. a4
{[%clk 1:32:26]} Qa5 {[%clk 1:30:37]} 10. Qd2 {[%clk 1:31:16]} Be7
{[%clk 1:25:11]} 11. f3 {[%clk 1:07:26]} Nc5 {[%clk 1:21:06]} 12. O-O
{[%clk 0:52:26]} Nxb3 {[%clk 1:19:30]} 13. Nxb3 {[%clk 0:52:44]} Qc7
{[%clk 1:19:49]} 14. a5 {[%clk 0:52:04]} Bd7 {[%clk 1:19:29]} 15. Rfd1
{[%clk 0:44:18]} Bc6 {[%clk 1:12:05]} 16. Nd4 {[%clk 0:42:32]} Rd8
{[%clk 1:11:16]} 17. Be3 {[%clk 0:37:42]} O-O {[%clk 1:09:53]} 18. Nxc6
{[%clk 0:37:04]} Qxc6 {[%clk 1:10:21]} 19. Ne2 {[%clk 0:28:31]} Rc8
{[%clk 1:04:56]} 20. Nd4 {[%clk 0:28:39]} Qc7 {[%clk 1:05:25]} 21. c4
{[%clk 0:25:40]} Rfe8 {[%clk 0:58:01]} 22. Rac1 {[%clk 0:24:02]} Nd7
{[%clk 0:58:29]} 23. b3 {[%clk 0:20:48]} Bd8 {[%clk 0:56:27]} 24. Ra1
{[%clk 0:15:45]} Bf6 {[%clk 0:56:48]} 25. Rab1 {[%clk 0:14:14]} g6
{[%clk 0:53:08]} 26. Ne2 {[%clk 0:12:04]} Be7 {[%clk 0:52:41]} 27. Bf4
{[%clk 0:10:54]} Ne5 {[%clk 0:52:35]} 28. Be3 {[%clk 0:08:38]} Nd7
{[%clk 0:46:04]} 29. Bf4 {[%clk 0:06:46]} Red8 {[%clk 0:46:33]} 30. Kh1
{[%clk 0:05:48]} Ne5 {[%clk 0:45:17]} 31. Be3 {[%clk 0:05:58]} Rd7
{[%clk 0:45:30]} 32. Rbc1 {[%clk 0:04:22]} Nc6 {[%clk 0:35:35]} 33. Bb6
{[%clk 0:03:53]} Qb8 {[%clk 0:36:04]} 34. Ra1 {[%clk 0:03:36]} Bd8
{[%clk 0:33:42]} 35. Be3 {[%clk 0:03:48]} Bf6 {[%clk 0:34:10]} 36. Rac1
{[%clk 0:03:41]} Bd8 {[%clk 0:33:17]} 37. Ra1 {[%clk 0:04:09]} Bc7
{[%clk 0:33:41]} 38. h3 {[%clk 0:03:17]} Re8 {[%clk 0:33:58]} 39. Bg5
{[%clk 0:02:23]} Bd8 {[%clk 0:24:39]} 40. Be3 {[%clk 0:32:48]} Bf6
{[%clk 0:54:10]} 41. Rac1 {[%clk 0:28:04]} d5 {[%clk 0:47:25]} 42. cxd5
{[%clk 0:16:33]} exd5 {[%clk 0:47:26]} 43. Bf4 {[%clk 0:08:31]} Qd8
{[%clk 0:47:19]} 44. exd5 {[%clk 0:08:56]} Nxa5 {[%clk 0:47:36]} 45. Rb1
{[%clk 0:08:03]} Qb6 {[%clk 0:47:57]} 46. Ng3 {[%clk 0:04:53]} Bg7
{[%clk 0:42:11]} 47. Ne4 {[%clk 0:04:47]} f5 {[%clk 0:23:09]} 48. Nd6
{[%clk 0:04:59]} Red8 {[%clk 0:23:38]} 49. b4 {[%clk 0:05:03]} Nb3
{[%clk 0:22:14]} 50. Rxb3 {[%clk 0:05:08]} Rxd6 {[%clk 0:22:43]} 51. Bxd6
{[%clk 0:05:32]} Qxd6 {[%clk 0:23:09]} 52. b5 {[%clk 0:05:32]} Re8
{[%clk 0:18:42]} 53. bxa6 {[%clk 0:05:46]} Qg3 {[%clk 0:19:11]} 54. Rd3
{[%clk 0:02:16]} bxa6 {[%clk 0:18:39]} 55. d6 {[%clk 0:02:20]} Be5
{[%clk 0:19:02]} 56. f4 {[%clk 0:02:44]} Qxf4 {[%clk 0:19:26]} 57. Qxf4
{[%clk 0:03:11]} Bxf4 {[%clk 0:19:49]} 58. d7 {[%clk 0:03:40]} Rd8
{[%clk 0:20:12]} 59. Ra3 {[%clk 0:03:32]} Kf7 {[%clk 0:20:34]} 60. Rxa6
{[%clk 0:03:58]} Ke7 {[%clk 0:20:58]} 61. Ra7 {[%clk 0:04:02]} Bd6
{[%clk 0:19:20]} 62. Re1+ {[%clk 0:04:27]} Kf7 {[%clk 0:19:43]} 63. Rb7
{[%clk 0:03:13]} h5 {[%clk 0:19:55]} 64. Kg1 {[%clk 0:03:14]} h4 {[%clk 0:20:19]}
65. Re2 {[%clk 0:03:08]} Be7 {[%clk 0:19:09]} 66. Kf2 {[%clk 0:02:52]} Bg5
{[%clk 0:19:38]} 67. Kf3 {[%clk 0:03:11]} Kf8 {[%clk 0:19:57]} 68. Rc7
{[%clk 0:03:27]} Kf7 {[%clk 0:20:21]} 69. Re1 {[%clk 0:02:55]} Bd2
{[%clk 0:20:38]} 70. Rd1 {[%clk 0:03:18]} Bg5 {[%clk 0:20:43]} 71. Rc8
{[%clk 0:03:41]} 1-0

[Event "European Youth Chess Championship B18"]
[Site "Prague, Top Hotel Prague"]
[Date "2012.08.24"]
[Round "8.10"]
[White "Mammadov, Zaur"]
[Black "Shahinyan, David"]
[Result "1-0"]
[WhiteElo "2431"]
[BlackElo "2351"]
[PlyCount "0"]
[EventDate "2012.08.17"]

1. e4 {[%clk 1:30:57]} e6 {[%clk 1:30:52]} 2. d4 {[%clk 1:31:22]} d5
{[%clk 1:31:19]} 3. Nc3 {[%clk 1:31:48]} Bb4 {[%clk 1:31:27]} 4. exd5
{[%clk 1:31:22]} exd5 {[%clk 1:31:37]} 5. Bd3 {[%clk 1:31:51]} Nf6
{[%clk 1:30:56]} 6. h3 {[%clk 1:32:06]} O-O {[%clk 1:25:22]} 7. Qf3
{[%clk 1:32:23]} Ne4 {[%clk 1:19:05]} 8. Nge2 {[%clk 1:31:26]} f5
{[%clk 1:19:12]} 9. O-O {[%clk 1:28:48]} c6 {[%clk 1:17:38]} 10. Bf4
{[%clk 1:28:29]} Nd7 {[%clk 1:15:12]} 11. Nxe4 {[%clk 1:25:30]} fxe4
{[%clk 1:09:07]} 12. Bxe4 {[%clk 1:25:57]} g5 {[%clk 0:55:55]} 13. Bxh7+
{[%clk 1:23:41]} Kxh7 {[%clk 0:49:23]} 14. Qh5+ {[%clk 1:24:09]} Kg7
{[%clk 0:49:45]} 15. Bxg5 {[%clk 1:24:38]} Rh8 {[%clk 0:50:06]} 16. Nf4
{[%clk 1:20:46]} Qe8 {[%clk 0:47:27]} 17. Bh6+ {[%clk 1:20:13]} Kh7
{[%clk 0:46:16]} 18. Qh4 {[%clk 1:20:06]} Qf7 {[%clk 0:35:10]} 19. Bg5+
{[%clk 1:15:43]} Kg8 {[%clk 0:34:42]} 20. Qg3 {[%clk 1:16:11]} Kh7
{[%clk 0:30:23]} 21. Nd3 {[%clk 1:14:21]} Bf8 {[%clk 0:25:59]} 22. Rae1
{[%clk 1:11:28]} Nf6 {[%clk 0:22:54]} 23. Qf4 {[%clk 1:03:40]} Kg7
{[%clk 0:18:21]} 24. Ne5 {[%clk 1:03:02]} Bd6 {[%clk 0:17:25]} 25. Bh6+
{[%clk 1:03:05]} Kh7 {[%clk 0:15:54]} 26. Nxf7 {[%clk 1:03:26]} Bxf4 27. Bxf4
{[%clk 1:03:45]} 1-0

[Event "European Youth Chess Championship B18"]
[Site "Prague, Top Hotel Prague"]
[Date "2012.08.24"]
[Round "8.11"]
[White "Tilicheev, Viacheslav"]
[Black "Drnovsek, Gal"]
[Result "0-1"]
[WhiteElo "2416"]
[BlackElo "2177"]
[PlyCount "102"]
[EventDate "2012.08.17"]

1. e4 c5 2. Nf3 d6 3. d4 cxd4 4. Nxd4 Nf6 5. Nc3 a6 6. Bg5 e6 7. f4 Be7 8. Qf3
Qc7 9. O-O-O Nbd7 10. g4 b5 11. Bxf6 Nxf6 12. g5 Nd7 13. f5 Nc5 14. f6 gxf6 15.
gxf6 Bf8 16. Rg1 h5 17. Rg7 b4 18. Nd5 exd5 19. exd5 Nd7 20. Nc6 Bb7 21. Bh3
Ne5 22. Re1 Bxc6 23. dxc6 Bxg7 24. fxg7 Rg8 25. Qxh5 Qxc6 26. Qg5 Qc7 27. Bf5
Qe7 28. Qg1 Qf6 29. Qg2 Ra7 30. Qc6+ Ke7 31. Qb6 Qxf5 32. Qxa7+ Qd7 33. Qg1 f6
34. h4 Kf7 35. h5 Rxg7 36. Qd4 Rg4 37. Qd5+ Kg7 38. h6+ Kxh6 39. Rh1+ Kg7 40.
Qd2 Qc6 41. Qh6+ Kf7 42. Rf1 Rg6 43. Qh7+ Ke6 44. Qh3+ Ke7 45. Qh7+ Kd8 46. Rh1
Qd5 47. Kb1 Qd4 48. Qh2 Kc7 49. b3 Kb6 50. Rc1 Nf3 51. Qh8 Nd2# 0-1

[Event "European Youth Chess Championship B18"]
[Site "Prague, Top Hotel Prague"]
[Date "2012.08.24"]
[Round "8.12"]
[White "Sochacki, Christophe"]
[Black "Meskovs, Nikita"]
[Result "0-1"]
[WhiteElo "2412"]
[BlackElo "2347"]
[PlyCount "103"]
[EventDate "2012.08.17"]

1. d4 Nf6 2. c4 c5 3. d5 b5 4. cxb5 a6 5. bxa6 g6 6. Nc3 Bxa6 7. e4 Bxf1 8.
Kxf1 d6 9. Nf3 Nbd7 10. g3 Bg7 11. Kg2 O-O 12. a4 Ne8 13. Qe2 Qb6 14. Bg5 f6
15. Bf4 Nc7 16. Rhb1 Qa6 17. Qxa6 Nxa6 18. Ra3 Nb4 19. Nd2 g5 20. Be3 Ne5 21.
Kf1 h6 22. Ke2 f5 23. exf5 Rxf5 24. a5 g4 25. Ra4 Nf3 26. Nc4 Nd4+ 27. Kd1 Na6
28. Ne2 Nxe2 29. Kxe2 Nb4 30. Bd2 Nxd5 31. a6 Ra7 32. Ne3 Re5 33. Bc3 Rxe3+ 34.
fxe3 Bxc3 35. Kd3 Bb4 36. Ke4 Nb6 37. Ra2 e6 38. Kf4 h5 39. Kg5 Nc4 40. Rf1 Bd2
41. Kxh5 Bxe3 42. Kxg4 Ne5+ 43. Kh3 d5 44. Rf6 Nf7 45. Kg4 Nd8 46. b3 Kg7 47.
Rf1 Nc6 48. Re2 Ne5+ 49. Kh5 d4 50. g4 Ra8 51. Rxe3 dxe3 52. Kg5 0-1

[Event "European Youth Chess Championship B18"]
[Site "Prague, Top Hotel Prague"]
[Date "2012.08.24"]
[Round "8.13"]
[White "Abbasov, Amil"]
[Black "Handler, Lukas"]
[Result "0-1"]
[WhiteElo "2209"]
[BlackElo "2368"]
[PlyCount "50"]
[EventDate "2012.08.17"]

1. e4 e5 2. Nf3 Nc6 3. Bc4 Bc5 4. c3 Nf6 5. d4 exd4 6. e5 d5 7. Bb5 Ne4 8. cxd4
Bb6 9. Be3 O-O 10. Bxc6 bxc6 11. Nc3 f5 12. g3 Ba5 13. Qa4 Bxc3+ 14. bxc3 a5
15. Nd2 Ba6 16. Qc2 Qe8 17. f3 Qh5 18. O-O-O Nxd2 19. Qxd2 Rab8 20. Bg5 Rb7 21.
Be7 Rfb8 22. Ba3 f4 23. Qc2 Qxf3 24. Rde1 Bd3 25. Qa4 Bg6 0-1

[Event "European Youth Chess Championship B18"]
[Site "Prague, Top Hotel Prague"]
[Date "2012.08.24"]
[Round "8.14"]
[White "Gaehwiler, Gabriel"]
[Black "Nikologorskiy, Konstantin"]
[Result "0-1"]
[WhiteElo "2267"]
[BlackElo "2400"]
[PlyCount "98"]
[EventDate "2012.08.17"]

1. e4 c5 2. Nf3 d6 3. d4 cxd4 4. Nxd4 Nf6 5. Nc3 a6 6. Be3 e5 7. Nb3 Be6 8. f3
Nbd7 9. Qd2 Rc8 10. g4 Nb6 11. O-O-O h6 12. Kb1 Be7 13. h4 Nfd7 14. Nd5 Bxd5
15. exd5 Nf6 16. Bxb6 Qxb6 17. Bd3 Rc7 18. c4 e4 19. fxe4 Nxg4 20. Qg2 h5 21.
Be2 Bf6 22. Bxg4 hxg4 23. c5 Qb4 24. cxd6 Qxd6 25. Nd4 O-O 26. Nf5 Qe5 27. Ne3
Bd8 28. Nxg4 Qh5 29. Qf3 Qg6 30. Ne3 Qb6 31. Ng4 Rc4 32. Ne5 Rb4 33. b3 Qd6 34.
Nd3 Rb5 35. Qf4 Qb6 36. Rhg1 f5 37. Qg3 Qh6 38. exf5 Rxf5 39. Ne5 Qf6 40. Ng4
Qg6 41. Qd3 Rbxd5 42. Qe4 Rxd1+ 43. Rxd1 Bxh4 44. Kb2 Bf6+ 45. Nxf6+ Qxf6+ 46.
Ka3 Qf8+ 47. b4 Ra5+ 48. Kb2 Qf6+ 49. Kc1 Qa1+ 0-1

[Event "European Youth Chess Championship B18"]
[Site "Prague, Top Hotel Prague"]
[Date "2012.08.24"]
[Round "8.18"]
[White "Lis, Marek"]
[Black "Emiroglu, Cankut"]
[Result "0-1"]
[WhiteElo "2162"]
[BlackElo "2299"]
[PlyCount "66"]
[EventDate "2012.08.17"]

1. f4 d5 2. b3 Nf6 3. Bb2 c5 4. e3 a6 5. Nf3 Nc6 6. Be2 d4 7. O-O g6 8. Ne5 Bd7
9. Bc4 e6 10. c3 dxc3 11. dxc3 Bg7 12. Nd2 O-O 13. Ndf3 Qc7 14. Qc2 Rfd8 15.
Bd3 Nxe5 16. Nxe5 Be8 17. c4 Rd6 18. Rad1 Rad8 19. Nf3 Qd7 20. Be2 Rxd1 21.
Rxd1 Qe7 22. e4 Rxd1+ 23. Qxd1 Ng4 24. Bxg7 Kxg7 25. Qd2 Bc6 26. h3 Nf6 27. Qe3
Nd7 28. e5 Bxf3 29. Bxf3 Nb8 30. Qe4 b6 31. Qe3 h5 32. g3 a5 33. Qe4 Qd8 {...
56.} 0-1

[Event "European Youth Chess Championship B18"]
[Site "Prague, Top Hotel Prague"]
[Date "2012.08.24"]
[Round "8.19"]
[White "Lewicki, Miroslaw"]
[Black "Altini, Nicola"]
[Result "1-0"]
[WhiteElo "2200"]
[BlackElo "2379"]
[PlyCount "55"]
[EventDate "2012.08.17"]

1. e4 e5 2. Nc3 Nf6 3. Bc4 Bc5 4. d3 c6 5. f4 d6 6. Nf3 b5 7. Bb3 a5 8. a4 b4
9. Ne2 Qc7 10. c3 Ba7 11. d4 exd4 12. e5 Ne4 13. cxd4 d5 14. Qc2 Qe7 15. Bxd5
Nc5 16. Bc4 b3 17. Qc3 Nca6 18. Ng5 O-O 19. Qd3 g6 20. Qxb3 Nb4 21. Bd2 N8a6
22. Ne4 Bf5 23. Nf6+ Kg7 24. Rc1 Nc7 25. g4 Bxg4 26. Nxg4 Ne6 27. f5 gxf5 28.
Nf6 1-0

[Event "European Youth Chess Championship B18"]
[Site "Prague, Top Hotel Prague"]
[Date "2012.08.24"]
[Round "8.20"]
[White "Doros, Radu-Marian"]
[Black "Horvat, Dan-Sebastian"]
[Result "1/2-1/2"]
[WhiteElo "2338"]
[BlackElo "2242"]
[PlyCount "82"]
[EventDate "2012.08.17"]

1. e4 c5 2. Nf3 d6 3. d4 cxd4 4. Nxd4 Nf6 5. Nc3 g6 6. Be3 Bg7 7. f3 O-O 8. Qd2
Nc6 9. Bc4 Bd7 10. O-O-O Rb8 11. Bb3 Na5 12. Bh6 Bxh6 13. Qxh6 b5 14. h4 e5 15.
Nde2 b4 16. Nd5 Nxb3+ 17. axb3 Nxd5 18. Rxd5 Rb6 19. h5 g5 20. f4 Bg4 21. Nd4
gxf4 22. g3 Kh8 23. gxf4 exd4 24. Rg5 Rg8 25. Rxg8+ Kxg8 26. Rg1 Qh4 27. f5 Rc6
28. f6 Rxc2+ 29. Kxc2 Qf2+ 30. Kd3 Qe2+ 31. Kxd4 Qxb2+ 32. Kc4 Qc3+ 33. Kb5
Qc5+ 34. Ka4 Qc6+ 35. Ka5 Qb6+ 36. Ka4 Qc6+ 37. Kxb4 a5+ 38. Kxa5 Qc5+ 39. Ka4
Qa7+ 40. Kb4 Qc5+ 41. Ka4 Qa7+ 1/2-1/2

[Event "European Youth Chess Championship B18"]
[Site "Prague, Top Hotel Prague"]
[Date "2012.08.24"]
[Round "8.22"]
[White "Ostovic, Matija"]
[Black "Schreiner, Till"]
[Result "1/2-1/2"]
[WhiteElo "2290"]
[BlackElo "2234"]
[PlyCount "79"]
[EventDate "2012.08.17"]

1. e4 c6 2. c4 d5 3. exd5 cxd5 4. cxd5 Nf6 5. Nc3 Nxd5 6. Nf3 Nc6 7. d4 Bg4 8.
Qb3 Bxf3 9. gxf3 Nb6 10. d5 Nd4 11. Bb5+ Nd7 12. Qa4 Nxb5 13. Qxb5 g6 14. Bg5
h6 15. Bf4 Bg7 16. Qxb7 O-O 17. O-O Ne5 18. Bxe5 Bxe5 19. Rfe1 Qd6 20. Ne4
Bxh2+ 21. Kg2 Qc7 22. Qxc7 Bxc7 23. Rac1 Bf4 24. Rc4 Rfc8 25. Nf6+ exf6 26.
Rxf4 f5 27. Re7 Kf8 28. Rb7 a5 29. Ra4 Rab8 30. Rxb8 Rxb8 31. Rxa5 Rxb2 32.
Ra8+ Ke7 33. Ra7+ Ke8 34. a4 Rd2 35. Ra8+ Ke7 36. Ra7+ Ke8 37. Ra8+ Ke7 38.
Ra7+ Ke8 39. Ra8+ Ke7 40. Ra7+ 1/2-1/2

[Event "European Youth Chess Championship B18"]
[Site "Prague, Top Hotel Prague"]
[Date "2012.08.24"]
[Round "8.23"]
[White "Seidl, Stepan"]
[Black "Franklin, Samuel G A"]
[Result "0-1"]
[WhiteElo "2187"]
[BlackElo "2264"]
[PlyCount "64"]
[EventDate "2012.08.17"]

1. d4 Nf6 2. Nf3 g6 3. Nc3 d5 4. Bf4 Bg7 5. h3 O-O 6. e3 a6 7. b4 Nbd7 8. Rb1
c6 9. Bd3 Ne8 10. e4 dxe4 11. Nxe4 Ndf6 12. c4 Nxe4 13. Bxe4 Nd6 14. Bd3 Nf5
15. Bxf5 Bxf5 16. Rb2 b5 17. cxb5 axb5 18. O-O Qd5 19. Re1 Be4 20. Ng5 Bxg2 21.
Qg4 h6 22. Qxg2 Qxd4 23. Bc1 hxg5 24. Qxg5 e6 25. Qe7 Ra7 26. Qg5 Raa8 27. a3
Rxa3 28. Rd2 Rd3 29. Bb2 Qxb4 30. Bxg7 Qxd2 31. Qe5 Rd5 32. Qa1 Rg5+ 0-1

[Event "European Youth Chess Championship B18"]
[Site "Prague, Top Hotel Prague"]
[Date "2012.08.24"]
[Round "8.24"]
[White "Pagerka, Martin"]
[Black "Rubes, Jan"]
[Result "1-0"]
[WhiteElo "2258"]
[BlackElo "2097"]
[PlyCount "65"]
[EventDate "2012.08.17"]

1. e4 c6 2. d4 d5 3. e5 Bf5 4. Nf3 e6 5. Be2 c5 6. O-O Nd7 7. Be3 Ne7 8. c3 Nc6
9. a3 c4 10. Nbd2 b5 11. Ne1 h5 12. g3 a5 13. Bxh5 b4 14. f4 bxc3 15. bxc3 Rb8
16. Bf3 Rb2 17. Rf2 Nb6 18. Qc1 Rb3 19. a4 Qc8 20. Bd1 Rxc3 21. Qxc3 Bb4 22.
Qc1 c3 23. Nb3 Nc4 24. Be2 Nxe3 25. Qxe3 c2 26. Bb5 Bxe1 27. Qxe1 O-O 28. Rf3
Nb4 29. Rc3 Qa8 30. Rc7 Rb8 31. Qc3 Kh7 32. Rxf7 Bg6 33. Rc7 1-0

[Event "European Youth Chess Championship B18"]
[Site "Prague, Top Hotel Prague"]
[Date "2012.08.24"]
[Round "8.25"]
[White "Mcclement, Andrew"]
[Black "Blazeka, Matej"]
[Result "1/2-1/2"]
[WhiteElo "2088"]
[BlackElo "2245"]
[PlyCount "90"]
[EventDate "2012.08.17"]

1. e4 e5 2. Nf3 Nc6 3. Bb5 Nf6 4. O-O Nxe4 5. d4 Nd6 6. Bxc6 dxc6 7. dxe5 Nf5
8. Qxd8+ Kxd8 9. Nc3 Bd7 10. h3 h6 11. Bf4 Bb4 12. Ne4 Be6 13. c3 Bd5 14. Rfe1
Be7 15. g4 Nh4 16. Nxh4 Bxh4 17. Bg3 Bxg3 18. Nxg3 g5 19. Nh5 Ke7 20. f4 gxf4
21. Nxf4 Rhd8 22. Kf2 Be6 23. b3 Rd2+ 24. Re2 Rad8 25. Ke1 R2d7 26. Rc1 a5 27.
Kf2 c5 28. c4 a4 29. Kg3 Rd2 30. Rce1 Rxe2 31. Rxe2 axb3 32. axb3 b5 33. Ra2
bxc4 34. bxc4 Rd4 35. Ra7 Kd7 36. Kf3 Rxc4 37. Ra3 Rb4 38. Nd3 Rb5 39. Ke4 c4
40. Nf4 Rb3 41. Ra4 Rg3 42. Kd4 Rf3 43. Ke4 Rg3 44. Kd4 c3 45. Ra5 c2 1/2-1/2

[Event "European Youth Chess Championship B18"]
[Site "Prague, Top Hotel Prague"]
[Date "2012.08.24"]
[Round "8.27"]
[White "Sofranov, Velizar"]
[Black "Romanov, Stanislav"]
[Result "1-0"]
[WhiteElo "2218"]
[BlackElo "2115"]
[PlyCount "57"]
[EventDate "2012.08.17"]

1. Nf3 b6 2. e4 Bb7 3. Nc3 e6 4. d4 d6 5. Bd3 Be7 6. O-O g5 7. d5 e5 8. Ne2 Nd7
9. Ng3 h5 10. Nf5 Bf6 11. c3 Ne7 12. Nxe7 Qxe7 13. Ne1 O-O-O 14. a4 Nc5 15. Bc2
Ba6 16. b4 Bxf1 17. Kxf1 Nb7 18. a5 bxa5 19. Ba4 c5 20. dxc6 axb4 21. cxb4 d5
22. cxb7+ Qxb7 23. Qc2+ Kb8 24. Bc6 Qb6 25. exd5 e4 26. Ra5 Rc8 27. Qxe4 a6 28.
Qe3 Qc7 29. Rxa6 1-0

[Event "European Youth Chess Championship B18"]
[Site "Prague, Top Hotel Prague"]
[Date "2012.08.24"]
[Round "8.28"]
[White "Kyrkjebo, Erlend"]
[Black "Jovanovic, Bojan P"]
[Result "0-1"]
[WhiteElo "2047"]
[BlackElo "2179"]
[PlyCount "162"]
[EventDate "2012.08.17"]

1. e4 e6 2. d4 d5 3. Nd2 Nf6 4. e5 Nfd7 5. Bd3 c5 6. c3 Nc6 7. Ne2 cxd4 8. cxd4
f6 9. exf6 Nxf6 10. Nf3 Bd6 11. O-O Qc7 12. Bg5 O-O 13. Bh4 Ne4 14. Rc1 g6 15.
a3 Qg7 16. Bg3 Nxg3 17. hxg3 Bd7 18. Qd2 Rae8 19. Bc2 b5 20. b4 a5 21. Nc3 Rb8
22. Na2 Ra8 23. Bd1 axb4 24. Nxb4 Na5 25. Rc3 Nc4 26. Qc1 Nxa3 27. Rxa3 Bxb4
28. Rxa8 Rxa8 29. Ne5 Rc8 30. Qe3 Rc3 31. Qg5 Bc8 32. Be2 Be7 33. Qd2 b4 34.
Rc1 Rxc1+ 35. Qxc1 Qf8 36. Bd1 Bf6 37. Qc7 Be7 38. Qb6 Qd8 39. Qa7 Kf8 40. Ba4
Qd6 41. Bd1 Qa6 42. Qc7 Qb7 43. Qc1 Kg8 44. Qe3 Bf6 45. Bb3 Qc7 46. Ng4 Bg7 47.
Kh2 Qb6 48. Ne5 Bf6 49. g4 Qc7 50. g5 Bxe5+ 51. dxe5 Qc3 52. Qf4 Qxb3 53. Qf6
Qc3 54. Qd8+ Kf7 55. Qf6+ Ke8 56. Qh8+ Kd7 57. Qxh7+ Kc6 58. Qxg6 Qxe5+ 59. g3
Ba6 60. Qe8+ Kc5 61. g6 Qh5+ 62. Kg2 Bd3 63. Qf8+ Kc4 64. g7 Bh7 65. g8=Q Bxg8
66. Qxg8 Qe5 67. Qc8+ Kb3 68. Qc1 Qe4+ 69. Kh3 e5 70. g4 Qf3+ 71. Kh4 Qxf2+ 72.
Kh5 Qc2 73. Qe3+ Qc3 74. Qb6 Qh3+ 75. Kg5 d4 76. Qe6+ Kb2 77. Qc4 Qe3+ 78. Kf5
Qc3 79. Qe2+ Kc1 80. Qf1+ Kc2 81. Kf6 d3 0-1

[Event "European Youth Chess Championship B18"]
[Site "Prague, Top Hotel Prague"]
[Date "2012.08.24"]
[Round "8.29"]
[White "Balacek, Tadeas"]
[Black "Pavel, Sebastian-Ionut"]
[Result "1/2-1/2"]
[WhiteElo "2178"]
[BlackElo "2045"]
[PlyCount "80"]
[EventDate "2012.08.17"]

1. d4 Nf6 2. c4 g6 3. Nc3 Bg7 4. e4 d6 5. Be2 O-O 6. f4 c5 7. Nf3 cxd4 8. Nxd4
Nc6 9. Be3 Bd7 10. O-O Nxd4 11. Bxd4 Bc6 12. Bf3 a5 13. b3 Nd7 14. Bxg7 Kxg7
15. Qd4+ Kg8 16. Kh1 Qb6 17. Qxb6 Nxb6 18. Nd5 Nxd5 19. exd5 Bd7 20. Rae1 Rfe8
21. Be4 b5 22. Bd3 Rab8 23. Rc1 bxc4 24. Bxc4 Bb5 25. Kg1 Rec8 26. Bxb5 Rxc1
27. Rxc1 Rxb5 28. Rd1 Rb4 29. g3 a4 30. Rd3 Kg7 31. Kf2 axb3 32. axb3 Kf6 33.
Kf3 g5 34. fxg5+ Kxg5 35. Ke2 Kf5 36. Rf3+ Kg6 37. Rd3 Kf5 38. Rf3+ Kg6 39. Rd3
Kf5 40. Rf3+ Kg6 1/2-1/2

[Event "European Youth Chess Championship B18"]
[Site "Prague, Top Hotel Prague"]
[Date "2012.08.24"]
[Round "8.30"]
[White "Suchomel, Ales"]
[Black "Guttulsrud, Odd Martin"]
[Result "0-1"]
[WhiteElo "2044"]
[BlackElo "2172"]
[PlyCount "76"]
[EventDate "2012.08.17"]

1. d4 Nf6 2. Nf3 g6 3. g3 Bg7 4. Bg2 O-O 5. O-O d6 6. c4 Nc6 7. Nc3 a6 8. e4
Rb8 9. Rb1 Bg4 10. Be3 Nd7 11. b4 e5 12. d5 Nd4 13. h3 Nxf3+ 14. Bxf3 Bxh3 15.
Bg2 Bxg2 16. Kxg2 f5 17. exf5 gxf5 18. Ne2 Qe8 19. Qd3 Qg6 20. f4 Rbe8 21. c5
Rf7 22. c6 bxc6 23. dxc6 Nb8 24. Rfc1 Qe6 25. Nc3 exf4 26. Bxf4 Nxc6 27. Nd5
Nd4 28. Nxc7 Qxa2+ 29. Kf1 Re2 30. Ra1 Rf2+ 31. Ke1 Re7+ 32. Be3 Qe2+ 33. Qxe2
Rxe2+ 34. Kf1 R7xe3 35. Nd5 Rf3+ 36. Kg1 Rxg3+ 37. Kf1 Rf3+ 38. Kg1 Nc2 0-1

[Event "European Youth Chess Championship B18"]
[Site "Prague, Top Hotel Prague"]
[Date "2012.08.24"]
[Round "8.32"]
[White "Van Overdam, Julian"]
[Black "Starek, Stanislav"]
[Result "1-0"]
[WhiteElo "2273"]
[BlackElo "2052"]
[PlyCount "83"]
[EventDate "2012.08.17"]

1. e4 c5 2. Nc3 e6 3. Nf3 Nc6 4. Bb5 a6 5. Bxc6 bxc6 6. d3 d5 7. O-O Be7 8. e5
a5 9. b3 Ba6 10. Qe2 Rb8 11. Na4 Bb5 12. Nb2 a4 13. c4 a3 14. Nd1 Ba6 15. Nc3
h5 16. Bxa3 Qa5 17. Na4 Bb5 18. cxb5 cxb5 19. Bxc5 bxa4 20. b4 Qa6 21. Bxe7
Nxe7 22. a3 Nf5 23. Rac1 Rc8 24. Rxc8+ Qxc8 25. Qd2 O-O 26. Rc1 Qa6 27. Rc3 Qb6
28. Rc5 Rb8 29. Qc2 Kh7 30. h3 Qd8 31. d4 Kg8 32. g3 g5 33. Qd1 f6 34. Qe2 Rb7
35. Qc2 Kg7 36. Rc8 Qe7 37. g4 hxg4 38. hxg4 Nh4 39. Nxh4 gxh4 40. f4 fxe5 41.
dxe5 h3 42. f5 1-0

[Event "European Youth Chess Championship B18"]
[Site "Prague, Top Hotel Prague"]
[Date "2012.08.24"]
[Round "8.33"]
[White "Silva Rodriguez, Julio"]
[Black "Foster, James M"]
[Result "1/2-1/2"]
[WhiteElo "2165"]
[BlackElo "2037"]
[PlyCount "133"]
[EventDate "2012.08.17"]

1. e4 e6 2. d4 d5 3. Nd2 Nf6 4. e5 Nfd7 5. f4 c5 6. Ngf3 cxd4 7. Nb3 Nc6 8.
Nfxd4 Be7 9. Be3 a6 10. a4 Nxd4 11. Bxd4 Qc7 12. Be2 O-O 13. O-O Nc5 14. c3 Bd7
15. Nxc5 Bxc5 16. a5 Rfc8 17. Kh1 g6 18. Rf3 Bxd4 19. Qxd4 Bb5 20. Bd1 Qd7 21.
Qf2 Qe7 22. Bb3 Rc7 23. Rh3 Rac8 24. Rd1 Bc4 25. Bc2 Rc5 26. b4 R5c7 27. Qd2 f5
28. exf6 Qxf6 29. Re1 Bb5 30. Re5 d4 31. Bb3 dxc3 32. Qc1 Rc6 33. Rhe3 Bc4 34.
Ba4 b5 35. axb6 Rxb6 36. Qxc3 Qxf4 37. Rf3 Qh4 38. h3 Qd8 39. Qe1 Bd5 40. Rf4
Rcb8 41. Bc2 Qd6 42. Qe3 Rxb4 43. Bxg6 hxg6 44. Rf6 Bxg2+ 45. Kxg2 Rb2+ 46. Rf2
Qc6+ 47. Kh2 Rxf2+ 48. Qxf2 Qd6 49. Qc5 Qxc5 50. Rxc5 Kf7 51. Rc7+ Kf6 52. Ra7
Rb6 53. Kg3 e5 54. Kg4 Rb4+ 55. Kf3 Ra4 56. Ra8 a5 57. Rf8+ Kg5 58. Re8 e4+ 59.
Ke3 Kh4 60. Rh8+ Kg3 61. Rg8 Kxh3 62. Rxg6 Rb4 63. Rg8 a4 64. Rg7 Kh4 65. Rg8
Kh3 66. Rg7 Kh2 67. Rg8 1/2-1/2

[Event "European Youth Chess Championship B18"]
[Site "Prague, Top Hotel Prague"]
[Date "2012.08.24"]
[Round "8.35"]
[White "Swijsen, Lars"]
[Black "Gabovits, Ilia"]
[Result "1-0"]
[WhiteElo "2097"]
[BlackElo "1893"]
[PlyCount "59"]
[EventDate "2012.08.17"]

1. c4 g6 2. g3 Bg7 3. Bg2 d6 4. Nc3 e5 5. e4 Ne7 6. Nge2 Nbc6 7. O-O O-O 8. d3
Nd4 9. Nxd4 exd4 10. Ne2 a5 11. b3 Nc6 12. h3 Bd7 13. Bb2 Qe7 14. a3 Qg5 15.
Nf4 Be6 16. Kh2 Qc5 17. Nd5 Bxd5 18. cxd5 Ne5 19. f4 Nd7 20. h4 Qb5 21. a4 Qa6
22. Ba3 b6 23. h5 Qc8 24. hxg6 hxg6 25. e5 dxe5 26. Bxf8 Bxf8 27. f5 Bd6 28.
fxg6 fxg6 29. Bh3 Kg7 30. Qg4 1-0

[Event "European Youth Chess Championship B18"]
[Site "Prague, Top Hotel Prague"]
[Date "2012.08.24"]
[Round "8.37"]
[White "Archer-Lock, Adrian"]
[Black "Lhotka, Jiri"]
[Result "1/2-1/2"]
[WhiteElo "1923"]
[BlackElo "2082"]
[PlyCount "86"]
[EventDate "2012.08.17"]

1. d4 Nf6 2. c4 g6 3. Nc3 Bg7 4. Nf3 d6 5. Bf4 O-O 6. h3 c6 7. e3 Nbd7 8. Be2
Re8 9. O-O e5 10. dxe5 dxe5 11. Nxe5 Nh5 12. Bxh5 Nxe5 13. Be2 Be6 14. Bxe5
Bxe5 15. Qxd8 Raxd8 16. Rad1 f5 17. f4 Bf6 18. Rxd8 Rxd8 19. Rd1 Re8 20. Kf2
Kf7 21. g4 Bh4+ 22. Kf3 fxg4+ 23. hxg4 h5 24. gxh5 gxh5 25. e4 Rg8 26. f5 Bc8
27. Rh1 Rg4 28. Rh3 Kf6 29. Ke3 Bg5+ 30. Kd3 Rg2 31. Rxh5 Ke5 32. Rh8 Bd7 33.
Rh7 Be8 34. Rxb7 Bh5 35. Rxa7 Rg3+ 36. Kc2 Rg2 37. Ra5+ Kd4 38. f6 Bxe2 39.
Nxe2+ Rxe2+ 40. Kd1 Rd2+ 41. Ke1 Be3 42. Rf5 Rxb2 43. f7 Bh6 1/2-1/2